000
00190nam a22000977a 4500
999
_c
67163
_d
67160
082
_a
004WIL
100
_a
Williams,B
245
_a
Using Information Technology
300
_a
577p
942
_c
BK